| 000 | 00680nam a2200229 4500 | ||
|---|---|---|---|
| 010 | _aA-948977 | ||
| 020 | _a0195648226 | ||
| 035 | _aA-948977 | ||
| 037 | _bCen Lib / Ret | ||
| 040 |
_aDPL _bEN |
||
| 082 |
_a305.56 _bSIN |
||
| 100 | _aSingh, K. S. | ||
| 245 |
_aThe Scheduled castes _cby K. S. Singh |
||
| 250 | _arev ed | ||
| 260 |
_aCalcutta _bOxford Univeristy Press _c1999 |
||
| 270 |
_aOxford Univeristy Press _bCalcutta |
||
| 300 |
_a(v 2. xi, 1374p) _b24cm(hb) |
||
| 490 |
_aPeople of India national series _vv 2 |
||
| 650 | _aDalits -- India. | ||
| 650 | _aIndia -- Scheduled tribes -- Social conditions. | ||
| 942 |
_2ddc _cEN _h305.56 _mSIN |
||
| 999 |
_c136770 _d136770 |
||